000 00815nam a2200277 i 4500
001 000035308
003 DO-SdBNP
005 20251028102617.0
007 ta
008 111027s1983 dr r 000 p spa d
040 _aDO-SdBNP
_bspa
_cBNPHU
_erda
041 _aspa
082 _aRD861.44
_bD632o
_222
100 1 _aDobal, Carlos
_eautor
_926322
245 1 0 _aOtros /
_cCarlos Dobal.
264 _a[Ciudad desconocida] :
_bImp. Impresora Teófilo Offset,
_c1983
300 _a69 páginas ;
_c21 cm.
336 _ardaconrtentent
_btexto
_2txt
337 _ardamedia
_bsin mediación
_2n
338 _ardacarrier
_bvolumen
_2nc
590 _aInventariado, 2018/BT
650 2 0 _aPoesía dominicana
_966
650 2 0 _aLiteratura dominicana.
_967
910 _aValidado. Control de calidad. MFF
942 _2ddc
_cLBS1
999 _c34799
_d34799